000
00244nam a2200109Ia 4500
008
190216s9999||||xx |||||||||||||| ||und||
100
_a
Prasad L M
245
0
_a
Organisation And Management
260
_b
Null
_c
1978
300
_a
560p
942
_c
BK
999
_c
5246
_d
5246